000 00460nam a22001697a 4500
005 20250327090926.0
008 250327b |||||||| |||| 00| 0 eng d
020 _a9798886130072
041 _aEng.
082 _a519.5 HON
100 _aHong, Yongmiao
245 _aProbability and Statistics for Economists
260 _aNew Jersey
_bWorld Scientific
_c2024
300 _a577;. P. 23 cm
650 _aEconometrics; Probabilities; Statistics
942 _cBK
999 _c43425
_d43425